| Tag |
First Indicator |
Second Indicator |
Subfields |
| LEADER |
00000cas a2200000 a 4500 |
| 001 |
in00001749821 |
| 005 |
20151025061615.0 |
| 008 |
000228d19941999vauar s f0 0eng d |
| 010 |
|
|
|a 2003238120
|
| 035 |
|
|
|a (OCoLC)ocm43534634
|
| 035 |
|
|
|a (OCoLC)43534634
|
| 040 |
|
|
|a DOJ
|c DOJ
|d IUL
|d GPO
|d ORU
|d DLC
|d HVL
|d GPO
|d TXA
|d UtOrBLW
|
| 042 |
|
|
|a lc
|
| 043 |
|
|
|a n-us---
|
| 049 |
|
|
|a TXAM
|
| 050 |
0 |
0 |
|a HV8059
|b .U58a
|
| 074 |
|
|
|a 0722-A
|
| 082 |
0 |
|
|a 364.1/64
|
| 086 |
0 |
|
|a J 1.14/7-7:
|
| 245 |
0 |
0 |
|a Bombing incidents.
|
| 246 |
1 |
7 |
|a Bomb summary
|f <1997->
|
| 264 |
|
1 |
|a [Washington, D.C.] :
|b U.S. Dept. of Justice, Federal Bureau of Investigation,
|c [1995?]-
|
| 300 |
|
|
|a volumes :
|b illustrations ;
|c 28 cm.
|
| 310 |
|
|
|a Annual
|
| 336 |
|
|
|a text
|b txt
|2 rdacontent
|
| 337 |
|
|
|a unmediated
|b n
|2 rdamedia
|
| 338 |
|
|
|a volume
|b nc
|2 rdacarrier
|
| 362 |
0 |
|
|a 1994-
|
| 362 |
1 |
|
|a Ceased with issue for 1999.
|
| 490 |
1 |
|
|a 1994-1995: General information bulletin / FBI Explosives Unit-Bomb Data Center
|
| 490 |
1 |
|
|a 1996- : General information bulletin / FBI Bomb Data Center
|
| 500 |
|
|
|a Some issues distributed to depository libraries in microfiche.
|
| 500 |
|
|
|a Title from caption.
|
| 500 |
|
|
|a Latest issue consulted: 1999.
|
| 500 |
|
|
|a Description based on: 1997; title from cover.
|
| 500 |
|
|
|a Latest edition consulted: 1998.
|
| 525 |
|
|
|a Errata for 1996 report issued separately.
|
| 550 |
|
|
|a Issued: Quantico, VA: FBI Bomb Data Center, 1999-
|
| 650 |
|
0 |
|a Bombings
|z United States
|v Statistics
|v Periodicals.
|
| 650 |
|
0 |
|a Incendiary bombs
|v Periodicals.
|
| 650 |
|
0 |
|a Criminal statistics
|z United States
|v Periodicals.
|
| 710 |
1 |
|
|a United States.
|b Federal Bureau of Investigation.
|
| 710 |
2 |
|
|a FBI Bomb Data Center.
|
| 776 |
1 |
|
|c Microfiche
|d Supt. of Docs., U.S. G.P.O.
|w (DLC)sn 99028560
|w (OCoLC)40914589
|
| 780 |
0 |
0 |
|t Bomb summary
|w (DLC) 74602338
|w (OCoLC)2239731
|
| 830 |
|
0 |
|a General information bulletin (FBI Explosives Unit-Bomb Data Center)
|
| 830 |
|
0 |
|a General information bulletin (FBI Bomb Data Center)
|
| 850 |
|
|
|a DLC
|
| 949 |
|
|
|a updated
|b h
|c 2008/04/14
|e revaughan
|f 12:58:02 pm
|
| 994 |
|
|
|a C0
|b TXA
|
| 999 |
|
|
|a MARS
|
| 999 |
f |
f |
|s 6e469afd-5c52-393e-9bb7-2c175d29a58d
|i 47bd59bc-f833-366e-86a5-e878f38a3c8a
|t 0
|
| 952 |
f |
f |
|p normal
|a Texas A&M University
|b College Station
|c Sterling C. Evans Library
|d Evans: US Documents (Annex 5th floor)
|t 0
|e J 1.14/7-7:
|h Superintendent of Documents classification
|i unmediated -- volume
|k 1998
|m A14830602732
|
| 952 |
f |
f |
|p normal
|a Texas A&M University
|b College Station
|c Sterling C. Evans Library
|d Evans: US Documents (Annex 5th floor)
|t 0
|e J 1.14/7-7:
|h Superintendent of Documents classification
|i unmediated -- volume
|k 1999
|m A14830597539
|
| 998 |
f |
f |
|a J 1.14/7-7:
|s 1998-1999
|t 0
|l Evans: US Documents (Annex 5th floor)
|